1098 1374 1875 1790 1741 1852 1920 1867 1576 1575 1998 1925 1662 1842 1866 1266 1026 1758 1903 1174 1695 1984 1673 1258 1812 1715 1062 1540 1841 1911 1743 1670 1817 1670 1976 1362 1871 1283 1195 1793 1375 1816 1146 1161 1737 1694 1249 1247 1791 1786 1762 1435 1493 1175 1260 1695 1475 1073 1867 1609 1307 1082 1665 1624 1247 1221 1557 1641 1375 1738 1783 1270 1945 1879 1579 1415 1790 1443 1828 1910 1475 1084 1787 1081 1541 1797 1252 1582 1411 1008 1949 1876 1921 1192 1384 1824 1232 1892 1634 BCNSPRNW ULIB Ver.6.0+V

เปลี่ยนเป็นภาษาไทย

Change to English
 แสดงรายละเอียดบรรณานุกรม
  กลับหน้าหลัก

Brief Record : Get Marc (ISO 2709) : E-mail record : QR code < ปิดหน้าต่าง
LEADER : 00000nam 2200000uu 4500
001    13399112272
003     ULIB
008    110314s1999||||th 000 0 eng d
020    07817793
060 04 QZ39^bC832h 1999
100 0  Corwin,Elizabeth J.
245 10 Handbook of pathophysiology /^cCorwin,Elizabeth J.
260    Philadelphia :^bLippincott Williams&Wilkins,^c1999
300    770 p
650  7 Pathology handbooks
650  7 Physiology handbooks
945    ^p0^l0^i012451
945    ^p0^l0^i012460
995    ทศพร
999 ^a ใช้งานได้ทุกระบบ
รายการนี้ยังไม่มีแท็ก
คุณยังไม่ได้ล็อกอิน คุณสามารถมีกิจกรรมร่วมกับเว็บไซต์ได้ แต่ต้องล็อกอินก่อน ::
  ล็อกอิน

รายการสื่อสารสนเทศ

ลำดับที่ ประเภท เลขเรียก/บาร์โค้ด สถานที่ สถานะ
1. วิทยาศาสตร์การแพทย์ และสุขภาพ
วิทยาศาสตร์การแพทย์ และสุขภาพ
สถานะ=หนังสือเก่า
QZ39 C832h 1999 ฉ.2 
  Barcode: 012460
ห้องสมุดวิทยาเขตสวรรค์ประชารักษ์
►ส่วนจัดเก็บหนังสือเก่า สปร
ถูกยืม กำหนดส่งวันที่ 21 กันยายน 2555
  จอง

BibComment


ยังไม่เคยถูกคอมเมนท์

คอมเมนท์ทรัพยากรรายการนี้
  คอมเมนท์: Handbook of patho..


 Copyright 2026. Bcnsprnw @Library